000 03534nam a2200241 a 4500
001 000000459
003 DO-SdBNP
005 20240412074158.0
008 080603s2007 dr 000 0 spa d
020 _a9789945161601
040 _aDO-SdBNP
_bspa
_cBNPHU
082 4 _aRD863.44
_bL832p
_222
100 1 _aLogroño Alsace, Rafael,
_d1934-
_91527
245 1 3 _aEl poder en tiempos que pasaron :
_bcon los breves relatos de el caserío y la extraña historia de Guido y José Cartero /
_cRafael Logroño Alsace.
260 _aSanto Domingo :
_bBúho,
_c2007.
300 _a125 p. ; :
_b22 cm.
505 1 _aPresentación -- El poder -- Una aclaración como preámbulo -- Primeros relato de el caserío. Estampa -- Lo que fue la trampa del gallero y los malos presagios del paso de los cangrejos -- El rango que añoraba el capitán. El poder de las devociones y la charla del amigo -- Ahora conoceremos lo que aconteció en una sesión de seres de espanto que pronostica el final de una era; así como las peripecias que pasaron el capitán y su amigo -- La devoción de Prudencia Matías, con la mala postura de San Antonio. Lo que era el sonido de los grifos ensalmados y porqué ocultaron la barriga de Matilde Cartero -- La pasión de Sabina Trejo. El por qué de la marcha de los soldados y el error del disidente -- Ya es tiempo de relatar el vergonzoso episodio que tiempo atrás pasó el capitán Elías Espino y su posterior obsesión por los movimientos de Sabina Trejo -- El reencuentro de dos amigos -- Se reanuda el soliloquio y nota que cuando el barco se está hundiendo le dejan solo -- De regreso a las estampas de el caserío, sabremos lo que se comentó esa tarde en la bodega de Edelmiro. ¿y si no era nada, entonces? -- Seguimos con los relatos del caserío y conoceremos las truhanerías del malandrín provocador y la verdad de la mentira del prestamista -- Ahora sabremos cuales fueron las consecuencias de ese servicio, con las desgracias que traen en lo cangrejos. El peligro de perder las bolas y la honra de Sabrina Trejo -- Reaparece el misterioso ser de las aguas. No se de confiar en jovencitos con el hábito de mentir y la verdad de los animales -- Todos están intrigados ¿Qué pasó con Magdaleno? -- Regresamos con las aventuras del capitán Elías Espino y sabremos lo que pasó con las aguas personales y las consecuencias del clerén ensalmado -- Lo que le contó Jovito Aguas a Pablo Díaz.
505 1 _aLe quedan pocas cuentas del rosario. La consulta de los astros y la negativa de Josefa Mariel -- Lo que resultó ser el maligno habitante de las aguas -- El origen de la singular historia de Guido y José Cartero y cómo Guido conoce a Matilde Cartero -- Ahora sabremos los estraños acontecimientos que como un estigma trajo ese inmigrante calabrés, a las islas del Caribe y pasan a la mente de José Cartero -- Lo que oía y escuchaba Josefa Mariel y el fantasma que ella veía en la mente de José Cartero -- El padre Juan enfrenta los demonios del ancestro -- Liberada la familia Cartero del engendro infernal, veremos el diálogo entre el esbirro y el padre Juan -- Cómo fue la huida de José Cartero. Su encuentro con Guido, quien lo protege y lo saca del país -- Lo que le contó Guido a José Cartero, mientras navegaba a Puerto Rico y Venezuela -- Lo que sucedía esa misma noche -- El regreso a la insólita isla barataria -- Epílogo.
590 _aInventariado, 2019/BT
650 0 _aCuentos dominicanos
_9176
650 0 _aLiteratura dominicana.
_967
942 _2ddc
_cLBS1
999 _c457
_d457